| 000 | 00691nam a2200181 i 4500 | ||
|---|---|---|---|
| 001 | 173684 | ||
| 003 | ES-MaACL | ||
| 005 | 20250131235132.0 | ||
| 008 | 100107s1881 sp |||| | spa d | ||
| 245 | 0 | 0 |
_aHomenage a Calderón _b: sesión pública y solemne celebrada en la tarde del 25 de mayo de 1881. |
| 260 |
_aCádiz : _b[s.n.], _c1881 ( _fImp. de la Revista Médica) |
||
| 300 |
_a43 p. ; _c21 cm. |
||
| 594 | _aPrecede al tít.: Instituto Provincial de Cádiz. | ||
| 600 | 1 | 4 |
_aCalderón de la Barca, Pedro- _vAniversarios y centenarios _933612 |
| 710 | 2 |
_aInstituto Provincial de Segunda Enseñanza de Cádiz. _9144996 |
|
| 852 |
_aES-MaACL _jT-429-F-3 |
||
| 999 |
_c173684 _d173684 |
||